|
|
|
|
| LEADER |
00000nab a2200000 a 4500 |
| 001 |
vtls000345315 |
| 003 |
SK-MaSNL |
| 005 |
20260302230859.0 |
| 008 |
111201c1989 xo 0 slo |
| 015 |
|
|
|a SNBRB19rr/mm-uuuuu
|
| 035 |
|
|
|a CL0345437
|
| 040 |
|
|
|a SNKBUCL
|b slo
|c SNKBUCL
|e AACR2
|
| 041 |
0 |
|
|a slo
|
| 044 |
|
|
|a xo
|c SK
|
| 080 |
|
|
|a 885.4-1(087.5)
|2 1981
|
| 100 |
1 |
|
|a Dzoba, Ján
|4 aut
|9 930679
|
| 245 |
1 |
0 |
|a Slniečko
|c Ján Dzoba ; Božena Plocháňová
|
| 650 |
0 |
7 |
|a rečňovanky
|2 snkbucl
|9 278360
|
| 655 |
|
7 |
|a články z novín a časopisov
|2 snkbucl
|9 267496
|
| 655 |
|
7 |
|a články z odboru literárna veda a krásna literatúra
|2 snkbucl
|9 770045
|
| 700 |
1 |
|
|a Plocháňová, Božena,
|d 1929-2020
|4 gup
|9 88102
|
| 773 |
0 |
|
|t Včielka
|g Roč. 31, č. 13 (1988/1989), s. 3
|
| 850 |
|
|
|a Slovenská národná knižnica v Martine
|a MTA001
|
| 852 |
|
|
|a SNK
|b KIS3GCP
|
| 958 |
|
|
|a RK
|
| 958 |
|
|
|a LX
|
| 992 |
|
|
|a RBX
|
| 999 |
|
|
|c 1535921
|d 1537851
|